000 00725nam a2200205 i 4500
001 35133
003 ES-MaACL
005 20250815044952.0
007 t|
008 030212s1981 sp ||||1| spa d
100 1 _aBordejé y Morencos, Fernando de,
_d1925-2017
_930394
245 1 0 _aDiccionario militar, estratégico y político
_b: guía para el lector /
_cFernando de Bordejé.
260 _a[Madrid :
_bSan Martín,
_c1981]
300 _a199 p. ;
_c21 cm.
490 1 _aHistoria del siglo de la violencia ;
_v1
650 4 _aArte y ciencia militar-
_vDiccionarios.
_9155031
830 0 0 _aHistoria del siglo de la violencia
_v1
_9229528
852 _aES-MaACL
_jL-4322
_bR.105005
999 _c35133
_d35133